All Dogs - Statistics

General Stats
  • This quiz has been taken 41 times
  • The average score is 12 of 39
Answer Stats
Genus Species Answer % Correct
Canis lupus Grey Wolf
100%
Canis familiaris Dog
97%
Vulpes vulpes Red Fox
81%
Vulpes lagopus Arctic Fox
78%
Canis latrans Coyote
72%
Canis rufus Red Wolf
53%
Vulpes zerda Fennec Fox
50%
Canis aureus Golden Jackal
47%
Urocyon cinereoargenteus Grey Fox
47%
Lycalopex griseus Patagonian Fox
47%
Lycaon pictus African Painted Dog
44%
Canis lycaon Eastern Wolf
39%
Vulpes bengalensis Bengal Fox
33%
Chrysocyon brachyurus Maned Wolf
33%
Vulpes cana Blanford's Fox
31%
Canis lupaster African Wolf
25%
Nyctereutes procyonoides Common Raccoon Dog
25%
Canis simensis Ethiopian Wolf
25%
Cuon alpinus Dhole
22%
Vulpes corsac Corsac Fox
19%
Otocyon megalotis Bat-eared Fox
17%
Nyctereutes viverrinus Japanese Raccoon Dog
17%
Vulpes ferrilata Tibetan Fox
17%
Cerdocyon thous Crab-eating Fox
14%
Lycalopex culpaeus Culpeo
14%
Lycalopex fulvipes Darwin's Fox
14%
Urocyon littoralis Island Fox
14%
Lupulella adusta Side-striped Jackal
14%
Speothos venaticus Bush Dog
11%
Lycalopex gymnocercus Pampas Fox
11%
Vulpes rueppellii Rüppell's Fox
11%
Vulpes velox Swift Fox
11%
Lupulella mesomelas Black-backed Jackal
8%
Vulpes chama Cape Fox
8%
Lycalopex vetulus Hoary Fox
8%
Vulpes macrotis Kit Fox
8%
Vulpes pallida Pale Fox
8%
Lycalopex sechurae Sechuran Fox
8%
Atelocynus microtis Short-eared fox
8%
No matching quizzes found
Score Distribution
Percent of People with Each Score
Percentile by Number Answered
Your Score History
You have not taken this quiz